Evropský zatýkací rozkaz – minulost, přítomnost a budoucnost

Európsky zatýkací rozkaz (EZR) ako trestnoprávny nástroj, ktorý je založený na prezumpcii vzájomnej dôvery medzi členskými štátmi a zároveň kľúčové východisko zásady vzájomného uznávania. Riešenie kľúčovej otázky, či sa bude EZR ignorovať z dôvodu rizika nerešpektovania základných ľudských práv a sl...

Ausführliche Beschreibung

Gespeichert in:
Bibliographische Detailangaben
Format: Buchkapitel
Sprache:Tschechisch
Schlagworte:
Tags: Tag hinzufügen
Keine Tags, Fügen Sie das erste Tag hinzu!

MARC

LEADER 00000naa a2200000 4500
001 0305203
005 20241120095241.1
041 0 |a cze 
044 |a SK 
245 1 0 |a Evropský zatýkací rozkaz – minulost, přítomnost a budoucnost 
520 |a Európsky zatýkací rozkaz (EZR) ako trestnoprávny nástroj, ktorý je založený na prezumpcii vzájomnej dôvery medzi členskými štátmi a zároveň kľúčové východisko zásady vzájomného uznávania. Riešenie kľúčovej otázky, či sa bude EZR ignorovať z dôvodu rizika nerešpektovania základných ľudských práv a slobôd. Opis minulého, súčasného a budúceho stavu EZR. Polemika nad potrebou reformácie EZR. 
610 2 0 |a právo trestné 
610 2 0 |a činnosť trestná 
610 2 0 |a dôvera 
610 2 0 |a práva ľudské 
610 2 0 |a reformy 
610 2 0 |a modernizácia 
610 2 0 |a Európska únia